Náhrady pri pracovnej ceste v zahraničí
Stravné pri zahraničnej pracovnej ceste. Vreckové pri zahraničnej pracovnej ceste. Náhrada výdavkov na pohonné hmoty. Paušalizácia cestovných náhrad.
Guardado en:
| Autor principal: | |
|---|---|
| Formato: | Capítulo de libro |
| Lenguaje: | eslovaco |
| Materias: | |
| Etiquetas: |
Sin Etiquetas, Sea el primero en etiquetar este registro!
|
MARC
| LEADER | 00000naa a2200000 4500 | ||
|---|---|---|---|
| 001 | 0278692 | ||
| 005 | 20241121125543.9 | ||
| 041 | 0 | |a slo | |
| 044 | |a SK | ||
| 245 | 1 | 0 | |a Náhrady pri pracovnej ceste v zahraničí |c Zuzana Cingelová |
| 520 | |a Stravné pri zahraničnej pracovnej ceste. Vreckové pri zahraničnej pracovnej ceste. Náhrada výdavkov na pohonné hmoty. Paušalizácia cestovných náhrad. | ||
| 610 | 2 | 0 | |a náhrada cestovného |
| 610 | 2 | 0 | |a cesty pracovné |
| 610 | 2 | 0 | |a zamestnanci |
| 610 | 2 | 0 | |a stravovanie zamestnancov |
| 610 | 2 | 0 | |a zákony |
| 610 | 2 | 0 | |a zahraničie |
| 100 | 1 | |a Cingelová, Zuzana | |